Кассовая книга сумм его императорского высочества государя великого князя Михаила Александровича, 1881 год

Доступно только в Электронных читальных залах Найти на картеНа карте
RUSMARC
00003769nmc2a22002413x 450
00190b50ae1-a6d0-4a53-9367-e619044af3ab
00520210117141626.0
100##$a20201106l18811884k l0rusy0189 ca
1010#$arus
102##$aRU
105##$ay###
1222#$ad
2001#$aКассовая книга сумм его императорского высочества государя великого князя Михаила Александровича, 1881 год
$j30 сентября 1881 г. - 2 января 1884 г.
215##$a99 л.
$d41,5х27,5 см
251##$cДело
300##$aДело
371##$aДокумент не является опубликованным и широко распространяемым
461#0$1001523d12d2-4a37-4177-a83e-48262505de72
$12001
$aКонтора Двора наследника великого князя Александра Александровича Министерства императорского двора
$1251
$cФонд
$1852
$j1339
462#0$1001491caabc-e945-4aff-b3be-bff7dc9805bf
$12001
$aКонтора Двора наследника великого князя Александра Александровича Министерства императорского двора
$1251
$cОпись
$1852
$j2
801#0$aRU
$bРГИА
$c20201106
$gRCR
801#1$aRU
$bГлавНИВЦ
$c20201106
$2rusmarc
801#2$aRU
$bПБ им. Б.Н. Ельцина
$c20210117
$gRCR
$2rusmarc
850##$aРГИА
852##$aРГИА
$eФедеральное казенное учреждение "Российский государственный исторический архив" (РГИА)
$j527
937##$hРГИА
$d12348021
$aASBIBLIO_SCAN
035##$aRusGRCC00016942
856##$uhttp://readingroom.main.prlib.ru/item.aspx?id_node=n154316431&mode=full
Формат отображения